000
00239nam a2200097Ia 4500
005
20251222114355.0
008
251222s1900||||xx |||||||||||||| ||spa||
082
_a
DVD0093/C76I/2006
245
0
_a
Ideología de género: La verdad:
942
_c
DVD
999
_c
1413
_d
1413